000142674 001__ 142674 000142674 005__ 20260423125801.0 000142674 020__ $$a9781447103615 000142674 0247_ $$2doi$$a10.1007/978-1-4471-0361-5 000142674 0247_ $$2K10Plus$$aK10Plus:1655429132 000142674 0247_ $$2DE-576$$a(DE-576)404688659 000142674 037__ $$aERESRWTH-2022-00083 000142674 082__ $$a512.7 000142674 1001_ $$aJones, Gareth A.$$b0 000142674 245__ $$aInformation and Coding Theory$$cby Gareth A. Jones, J. Mary Jones 000142674 260__ $$aLondon$$bSpringer$$c2000 000142674 300__ $$aOnline-Ressource (XIII, 210 p, online resource 000142674 3367_ $$2BibTeX$$aBOOK 000142674 3367_ $$0PUB:(DE-HGF)3$$2PUB:(DE-HGF)$$aBook$$bbook$$mbook$$s1776941818_2733446 000142674 3367_ $$2DataCite$$aOutput Types/Book 000142674 3367_ $$2ORCID$$aBOOK 000142674 3367_ $$01$$2EndNote$$aBook 000142674 3367_ $$2DRIVER$$abook 000142674 4900_ $$aSpringer Undergraduate Mathematics Series 000142674 500__ $$aElektronische Ressource über den KatalogPlus der RWTH Universitätsbibliothek verfügbar [Zugriff nur im Hochschulnetz der RWTH Aachen bzw. für autorisierte Benutzer] ; gedr. Ausgabe in der Universitätsbibliothek verfügbar unter: Signatur: BN7709 000142674 588__ $$aDataset connected to K10Plus 000142674 650_0 $$aDistribution (Probability theory 000142674 650_0 $$aMathematics 000142674 650_0 $$aCombinatorics 000142674 650_0 $$aApplied mathematics 000142674 650_0 $$aCoding theory 000142674 650_0 $$aNumber theory 000142674 650_0 $$aInformation theory 000142674 650_0 $$aEngineering mathematics 000142674 650_0 $$aProbabilities 000142674 650_0 $$aDiscrete mathematics 000142674 650_0 $$aEngineering—Data processing 000142674 7001_ $$aMary Jones, J.$$b1 000142674 773__ $$a10.1007/978-1-4471-0361-5 000142674 8564_ $$uhttps://ebookcentral.proquest.com/lib/rwthaachen-ebooks/detail.action?pq-origsite=primo&docID=3074010 000142674 909CO $$ooai:reserves.ub.rwth-aachen.de:142674$$pVDB 000142674 9151_ $$0StatID:(DE-HGF)2102$$2StatID$$aLiteraturreferenz / Reference only$$x0 000142674 9201_ $$0I:(DE-RON)22ws-12.35067$$k22ws-12.35067$$lProseminar Informationstheorie Gruppe 1 (PS) [22ws-12.35067]$$x0 000142674 9201_ $$0I:(DE-RON)23ws-12.35067$$k23ws-12.35067$$lProseminar Informationstheorie Gruppe 1 (PS) [23ws-12.35067]$$x1 000142674 9201_ $$0I:(DE-RON)24ss-12.35067$$k24ss-12.35067$$lProseminar Informationsstheorie Gruppe 1 (PS) [24ss-12.35067]$$x2 000142674 9201_ $$0I:(DE-RON)24ws-12.50738$$k24ws-12.50738$$lProseminar Informationstheorie (PS) [24ws-12.50738]$$x3 000142674 9201_ $$0I:(DE-RON)25ss-12.35067$$k25ss-12.35067$$lProseminar Informationsstheorie Gruppe 1 (PS) [25ss-12.35067]$$x4 000142674 9201_ $$0I:(DE-RON)26ss-12.35067$$k26ss-12.35067$$lProseminar Informationsstheorie Gruppe 1 (PS) [26ss-12.35067]$$x5 000142674 961__ $$c2026-04-23T12:57:56.889609$$i2022-10-11T12:06:19.632209$$x2022-10-11T12:06:19.632209$$z2026-04-23T12:57:56.889609 000142674 980__ $$abook 000142674 980__ $$aVDB 000142674 980__ $$aI:(DE-RON)22ws-12.35067 000142674 980__ $$aI:(DE-RON)23ws-12.35067 000142674 980__ $$aI:(DE-RON)24ss-12.35067 000142674 980__ $$aI:(DE-RON)24ws-12.50738 000142674 980__ $$aI:(DE-RON)25ss-12.35067 000142674 980__ $$aI:(DE-RON)26ss-12.35067 000142674 980__ $$aUNRESTRICTED
